书目信息 |
| 题名: |
代数学引论
|
|
| 作者: | 柯斯特利金 , Kostrikin 著 ;张顺燕 译 | |
| 分册: | 上册 | |
| 出版信息: | 北京 高等教育出版社 1988.1 |
|
| 页数: | 291页 | |
| 开本: | 20cm | |
| 丛书名: | ||
| 单 册: | ||
| 中图分类: | O153 , O15 | |
| 科图分类: | ||
| 主题词: | 代数 , 数论 , 组合数学 | |
| 电子资源: | ||
| ISBN: | 7-04-000692-8 | |
| 000 | 00874nam0 2200301 45 | |
| 001 | 0189029344 | |
| 005 | 20041101142833.0 | |
| 010 | @a7-04-000692-8@dCNY2.85 | |
| 020 | @aCN@b89029344 | |
| 100 | @a19911017d1988 m y0chiy0120 ea | |
| 101 | 1 | @achi@crus |
| 102 | @aCN@b110000 | |
| 105 | @ay z 000yy | |
| 106 | @ar | |
| 200 | 10 | @a代数学引论@Adai shu xue yin lun@h上册@f(苏)柯斯特利金(Kostrikin,A.I.)著@F( su ) ke si te li jin (Kostrikin,A.I.) zhu@g张顺燕等译 |
| 210 | @a北京@c高等教育出版社@d1988.1 | |
| 215 | @a291页@d20cm | |
| 540 | 1 | @a代数学@Adai shu xue |
| 606 | 0 | @a代数 |
| 606 | 0 | @a数论 |
| 606 | 0 | @a组合数学 |
| 690 | @aO153@v1980 | |
| 690 | @aO15@v3 | |
| 701 | 1 | @a柯斯特利金@Ake si te li jin@bA.I.@4著 |
| 701 | A1 | @aKostrikin@bA.I.@4著 |
| 702 | 0 | @a张顺燕@Azhang shun yan@4译 |
| 801 | 0 | @aCN@bNLC@c19911017 |
| 905 | @dO15@e88:1@f1@b213701 | |
| 代数学引论.上册/(苏)柯斯特利金(Kostrikin,A.I.)著/张顺燕等译.-北京:高等教育出版社,1988.1 |
| 291页;20cm |
| ISBN 7-04-000692-8:CNY2.85 |
| ● |
| 相关链接 |
|
|
|
|
正题名:代数学引论
索取号:O15/88:1
 
预约/预借
| 序号 | 登录号 | 条形码 | 馆藏地/架位号 | 状态 | 备注 |
| 1 | 0213700 | 000413243 | 第三借阅区/ [索取号:O15/88:1] | 在馆 | |
| 2 | 0213701 | 001938434 | 第三借阅区/ [索取号:O15/88:1] | 在馆 | |
| 3 | 0213702 | 202446273 | 第二样本阅览室/ [索取号:O15/88:1] | 在馆 |